| 000 | 00931na a2200313 4500 | ||
|---|---|---|---|
| 001 | 17110 | ||
| 003 | MIRAKIL | ||
| 005 | 20181213154846.0 | ||
| 008 | 161022b tu 000 0 | ||
| 035 | _a17110 | ||
| 040 |
_aMilas _btur _cTR-AnCHP |
||
| 041 | _atur | ||
| 082 |
_a342.020263 _bB27a 1993 |
||
| 090 | _a342.020263 B27a 1993 | ||
| 100 | _aBatum, Süheyl | ||
| 245 |
_aAnayasa hukukunun temel metinleri _cSüheyl Batum, Necmi Yüzbaşıoğlu |
||
| 260 |
_aİstanbul _bBeta _c1993 |
||
| 300 |
_a508 s. _c20 sm. |
||
| 440 |
_aBeta _v350 |
||
| 490 |
_aHukuk dizisi _v175 |
||
| 610 |
_aAnayasa Mahkemesi _xHukuk ve mevzuat |
||
| 650 |
_aOHAL _xHukuk ve mevzuat _zTürkiye |
||
| 650 |
_aSiyasal partiler _xKanunlar _zTürkiye |
||
| 650 |
_aSeçim hukuku _xKanunlar _zTürkiye |
||
| 650 |
_aAnayasa hukuku _xKanunlar _zTürkiye |
||
| 651 |
_aTürkiye _xAnayasalar |
||
| 700 | _aYüzbaşıoğlu, Necmi | ||
| 942 |
_2ddc _cBKS |
||
| 999 |
_c2129 _d2129 |
||